Children's Rights In Ghana : reality or rhetoric? (Record no. 1407)

MARC details
000 -LEADER
fixed length control field 00489nam a2200169Ia 4500
008 - FIXED-LENGTH DATA ELEMENTS--GENERAL INFORMATION
fixed length control field 240428s9999||||xx |||||||||||||| ||und||
020 ## - INTERNATIONAL STANDARD BOOK NUMBER
International Standard Book Number 9780739184578
041 ## - LANGUAGE CODE
Language code of text/sound track or separate title eng
082 ## - DEWEY DECIMAL CLASSIFICATION NUMBER
Classification number 323.352 A
100 ## - MAIN ENTRY--PERSONAL NAME
Personal name Ame, Robert Kwame - Agbényiga, DeBrenna LaFa - Apt, Nana A
245 #0 - TITLE STATEMENT
Title Children's Rights In Ghana : reality or rhetoric?
260 ## - PUBLICATION, DISTRIBUTION, ETC.
Name of publisher, distributor, etc. Lexington Books
Place of publication, distribution, etc. Lanham
Date of publication, distribution, etc. 2013
300 ## - PHYSICAL DESCRIPTION
Extent xiv,295p
650 ## - SUBJECT ADDED ENTRY--TOPICAL TERM
Topical term or geographic name entry element Children's rights - Child welfare.
942 ## - ADDED ENTRY ELEMENTS (KOHA)
Koha item type Books
Holdings
Withdrawn status Lost status Damaged status Not for loan Home library Current library Shelving location Date acquired Total checkouts Full call number Date last seen Copy number Price effective from Koha item type
        Main Library Main Library Open Shelves 07/07/2022   323.352 A 00599 29/04/2024 1 29/04/2024 Books
©2026  Parliament of Ghana Library - All rights reserved